| 000 | 01040nam a2200277 i 4500 | ||
|---|---|---|---|
| 003 | IT-RoINE | ||
| 005 | 20201028113037.0 | ||
| 008 | 150529s2015 sp a |r|||| 000 | spa d | ||
| 020 | _a9788494305665 | ||
| 040 |
_aSpMaBN _cSpMaBN IT-RoINE |
||
| 100 | 1 |
_aMartínez Aragón, Lucio _922982 |
|
| 245 | 1 | 3 |
_aEl conde de Fuentes de Valdepero y el Fuerte de Fuentes en el Camino Español / _cLucio Martínez Aragón, Michela Fior. |
| 260 |
_aValladolid : _bGlyphos, _c2015. |
||
| 300 |
_a228 p. : _bil., mapas, planos ; _c21 cm. |
||
| 336 |
_aTexto (visual) _2isbdcontent |
||
| 337 |
_2rdamedia _aunmediated |
||
| 338 |
_2rdacarrier _avolume |
||
| 490 | 0 | _aHistoria moderna | |
| 504 | _aIncluye referencias bibliográficas. | ||
| 600 | 1 | 4 |
_922983 _aEnríquez de Acevedo, Pedro, _cConde de Fuentes, _d1525-1610 |
| 610 | 2 | 4 |
_aFuerte de Fuentes (Colico, Italia) _922984 _xHistoria |
| 651 | 4 |
_aEspaña _xHistoria _y1556-1598 (Felipe II) _97549 |
|
| 700 | 1 |
_aFior, Michela _4aut _922985 |
|
| 830 | 0 |
_aHistoria moderna (Glyphos) _922986 |
|
| 942 | _cMTS | ||
| 999 |
_c11240 _d11240 |
||